• 首页
  • 本馆介绍
  • 公告通知
  • 最新文献
  • 馆藏检索
  • 电子资源
  • 读者导购
  • 参考咨询
  • 我的图书馆
  • 登录
  • 详细信息显示
  • 放入我的书架
  • 预约/预借图书
  • 作者相关作品
  • 分类相关作品
  • 丛书相关作品
  • 出版社相关作品

书目信息

  • 表格格式
  • 工作单格式
  • 卡片格式
题名:
达尔文传
    
 
作者: 孙立军 主编
分册:  
出版信息: 南昌   江西教育出版社  2018
页数: 180页
开本: 21cm
丛书名: 名人励志传记丛书
单 册:
中图分类: K835.616.15=43
科图分类:
主题词:
电子资源:
ISBN: 978-7-5705-0486-2
000 00893nam0 2200265 450
001 012001010718
005 20140102165140.0
010    @a978-7-5705-0486-2@dCNY36.00
099    @aCAL 012019033865
100    @a20190327d2018 em y0chiy50 ea
101 0  @achi
102    @aCN@b360000
105    @aa z 000yb
106    @ar
200 1  @a达尔文传@Ada er wen zhuan@b专著@dDarwin@f孙立军主编@zeng
210    @a南昌@c江西教育出版社@d2018
215    @a180页@c图@d21cm
225 1  @a名人励志传记丛书
330    @a本书介绍了达尔文的一生,包括纯真的童年、充满转折的学习生活、考察初探、奇妙之旅初期、旅行的危险际遇、学术研究、物种起源、论战等内容。
510 1  @aDarwin@zeng
600  0 @c(Darwin, Charles@a达尔文@f1809-1882)@x传记
690    @aK835.616.15=43@v5
701  0 @a孙立军@ASun Lijun@f1964-@4主编
801  0 @aCN@b上海新华@c20191020
905    @b1136942-5@dK835.616.15=43@e1110@f4
    
    达尔文传=Darwin/孙立军主编.-南昌:江西教育出版社,2018
    180页:图;21cm.-(名人励志传记丛书)
    
    
    ISBN 978-7-5705-0486-2:CNY36.00
    本书介绍了达尔文的一生,包括纯真的童年、充满转折的学习生活、考察初探、奇妙之旅初期、旅行的危险际遇、学术研究、物种起源、论战等内容。
●
相关链接 在E读中查询图书 在五车中查询图书 在当当中查询图书 在豆瓣中查询图书


正题名:达尔文传     索取号:K835.616.15=43/1110         预约/预借

序号 登录号 条形码 馆藏地/架位号 状态 备注
1 1136942   211369428   第二样本阅览室/ [索取号:K835.616.15=43/1110] 在馆    
2 1136943   211369437   第二借阅区/ [索取号:K835.616.15=43/1110] 在馆    
3 1136944   211369446   第二借阅区/ [索取号:K835.616.15=43/1110] 在馆    
4 1136945   211369455   第二借阅区/ [索取号:K835.616.15=43/1110] 在馆    
唐山师范学院图书馆 欢迎您!
大连网信软件有限公司© 版权所有